000 01022nam a22002297a 4500
005 20140731105239.0
010 _aENG-110066
020 _a9789380607405
_c995.00
035 _aEN-93599
037 _bDBAD/PUB
082 _a623.89225
245 _aOceans connect :
_cedited by Rila Mukherjee
_breflections on water worlds across time and space /
260 _aDelhi
_bPrimus Books
_c2013
270 _aVirat Bhavan, Mukherjee Nagar Commercial Complex
_bDelhi
_e110009
300 _axvi,286p. :
_bill.,maps
_c24cm(Hb)
490 _a Issues in history
500 _a Includes bibliographical references and indexes.
500 _a"The book is the outcome of a conference ’Oceans Connect: New Directions in Maritime Studies’ sponsored by the Maulana Abul Kalam Azad Institute of Asian Studies, Kolkata and held at the University of Hyderabad...": Acknowledgement.
650 _aNavigation
_zIndian Ocean
_vCongresses.
_xHistory
700 _aMukherjee, Rila
942 _2ddc
_cEN
_mOCE
_h623.89225
999 _c84474
_d84474